LEADER 01053nam0 22002771i 450 001 SUN0019123 005 20040707120000.0 010 $a88-420-4755-4 100 $a20040707d1995 |0itac50 ba 101 $aita 102 $aIT 105 $a|||| ||||| 200 1 $aˆIl ‰futuro della scuola$eidee e proposte per l'istruzione secondaria superiore$fa cura di Beniamino Brocca 210 $aRoma$cLaterza$d1995 215 $aXIV, 215 p.$d21 cm. 606 $aScuole medie superiori$xRiforma$2FI$3SUNC009408 620 $dBari$3SUNL000009 676 $a373.45$v21 702 1$aBrocca$b, Beniamino$3SUNV015268 712 $aLaterza$3SUNV000002$4650 801 $aIT$bSOL$c20181109$gRICA 912 $aSUN0019123 950 $aUFFICIO DI BIBLIOTECA DEL DIPARTIMENTO DI PSICOLOGIA$d16 CONS 1788 $e16 VS 3133 995 $aUFFICIO DI BIBLIOTECA DEL DIPARTIMENTO DI PSICOLOGIA$bIT-CE0119$gVS$h3133$kCONS 1788$oc$qa 996 $aFuturo della scuola$9964915 997 $aUNICAMPANIA LEADER 01242nam a2200313 i 4500 001 991001105549707536 005 20020507183350.0 008 960918s1974 it ||| | ita 035 $ab10801662-39ule_inst 035 $aLE01307106$9ExL 040 $aDip.to Matematica$beng 082 0 $a510 084 $aAMS 00A35 084 $aZDM F20 084 $aZDM F60 084 $aZDM G30 100 1 $aCheccucci, Vittorio$041880 245 10$aMatematica e realtà :$bper la scuola media /$cVittorio Checcucci 260 $aMesssina ; Firenze :$bCasa Editrice G. D'Anna,$c1974 300 $a3 v. ;$c26 cm. 650 4$aDidactis of mathematics 907 $a.b10801662$b02-04-14$c28-06-02 912 $a991001105549707536 945 $aLE013 00A CHE11 V.III (1974)$cV. 3$g1$i2013000059860$lle013$o-$pE0.00$q-$rl$s- $t0$u0$v0$w0$x0$y.i10905753$z28-06-02 945 $aLE013 00A CHE11 V.I (1974)$cV. 1$g1$i2013000059877$lle013$o-$pE0.00$q-$rl$s- $t0$u0$v0$w0$x0$y.i10905765$z28-06-02 945 $aLE013 00A CHE11 V.II (1974)$cV. 2$g1$i2013000060071$lle013$o-$pE0.00$q-$rl$s- $t0$u0$v0$w0$x0$y.i10905777$z28-06-02 996 $aMatematica e realtà$9925401 997 $aUNISALENTO 998 $ale013$b01-01-96$cm$da $e-$fita$git $h0$i3